000 00483nam a2200157 4500
003 SEACOMMC
005 20250429110456.0
008 241220b |||||||| |||| 00| 0 eng d
020 _a81-7391-832-5
_cRs.595.00
040 _aSEACOMMC
082 _a910.07
_bB 575
100 _a Bhardwaj, D. S
245 1 _aTourism Education: an Emerging Essential
_cedited by D. S. Bhardwaj, Krishan K. Kamra; Manjula Chaudhary and S. S. Boora
650 _a Tourism Education - India
942 _cBOOK
999 _c909
_d909